000 00442nam a2200181Ia 4500
001 9014
005 20260306160652.0
008 260306t2012||||xx |||||||||||||| ||spa||
041 _aESP
082 _a372.218
_bL87
100 _aLópez Cassá, Élia
_eAUT
245 0 _aEducación emocional. Programa para 3-6 años
260 _c2012
300 _a263 páginas :
_c24 cm.
650 _aGEN
654 _aCED
942 _cLIB
_dJUS
_fJUS
_2ddc
_n
999 _c9014
_d9014